The Consecrated life (Record no. 125648)
[ view plain ]
| 000 -LEADER | |
|---|---|
| fixed length control field | 00420nam a22001337a 4500 |
| 008 - FIXED-LENGTH DATA ELEMENTS--GENERAL INFORMATION | |
| fixed length control field | 161102b xxu||||| |||| 00| 0 eng d |
| 050 ## - LIBRARY OF CONGRESS CALL NUMBER | |
| Classification number | BX839.1994 |
| 100 ## - MAIN ENTRY--PERSONAL NAME | |
| Personal name | Synod of Bishops |
| 9 (RLIN) | 27215 |
| 245 ## - TITLE STATEMENT | |
| Title | The Consecrated life |
| Remainder of title | :and its role in the church and in the world |
| Statement of responsibility, etc | /Synod of Bishops |
| 260 ## - PUBLICATION, DISTRIBUTION, ETC. (IMPRINT) | |
| Place of publication, distribution, etc | Kenya |
| Name of publisher, distributor, etc | Paulines |
| Date of publication, distribution, etc | 1994 |
| 300 ## - PHYSICAL DESCRIPTION | |
| Extent | 120p.; |
| Dimensions | 21cm. |
| 650 ## - SUBJECT ADDED ENTRY--TOPICAL TERM | |
| Topical term or geographic name as entry element | Synod of Bishops |
| 9 (RLIN) | 27215 |
| 942 ## - ADDED ENTRY ELEMENTS (KOHA) | |
| Source of classification or shelving scheme | Library of Congress Classification |
| Item type | Monograph ( Printed materials) |
| Withdrawn status | Lost status | Source of classification or shelving scheme | Damaged status | Not for loan | Collection code | Home library | Current library | Shelving location | Date acquired | Total Checkouts | Full call number | Barcode | Date last seen | Price effective from | Koha item type |
|---|---|---|---|---|---|---|---|---|---|---|---|---|---|---|---|
| Library of Congress Classification | Main Collection | ARRUPE LIBRARY | ARRUPE LIBRARY | Main Collection | 02/11/2016 | BX839.1994 | 46500010033 | 22/11/2017 | 02/11/2016 | Monograph ( Printed materials) |